000 00943nam a2200265 i 4500
001 4545492
003 EG-ScBUE
005 20250527100750.0
008 701120s1970 enka f b 001 0 eng d
020 _a080156010
040 _aEG-ScBUE
_beng
_erda
_cEG-ScBUE
_dEG-ScBUE
082 0 4 _a530.41
_bALT
_222
100 1 _aAltmann, Simon L.
_d1924-
_97166
_eauthor.
245 1 0 _aBand theory of metals :
_bthe Elements /
_cby Simon L. Altmann, lecturer in the theory of metals and Fellow of Brasenose College, University of Oxford.
250 _aFirst edition.
264 1 _aOxford :
_bPergamon Press,
_c1970.
300 _axiv, 250 pages :
_billustrations ;
_c22 cm
336 _2rdacontent
_atext
_btxt
337 _aunmediated
_2rdamedia
_bn
338 _avolume
_bnc
_2rdacarrier
504 _aIncludes bibliographical references and index.
650 7 _aEnergy
_xband theory of solids.
_97167
_2BUEsh
655 _vReading book
942 _2ddc
_cBB
999 _c12094
_d12094